01429 a2200181 45000010006000000050017000060080041000230030015000640400040000790800104001192450040002232640051002633000019003145050859003330410008011921000026012007000021012265434720260407155815.0260407a1953 arg spa dAR-UNSa-BCEJYS aAR-UNSa-BCEJYSbspacAR-UNSa-BCEJYS a330.1xCiencia económica. Conceptos fundamentales de teoría económica. Valor. Capital. Fondos10aElementos de análisis económico 1aMéxico :bFondo de Cultura Económicac1953 a261 p.c21 cm. aPrimera parte: Análisis de precios - I. La demanda - II. Oferta y costos de producción - III. Formación del precio - IV. Política de precios y de producción - V. Estructuras, niveles y tendencias de los precios - Segunda parte: La empresa,determinación de los precios de los factores,ocupación e ingresos - VI. Previsiones de ganancia e incentivos de la empresa - VII. Producción,ocupación e ingreso - VIII. La demanda de factores de la producción por parte del empresario - IX. La oferta de factores de la producción - Tercera parte: La inversión - X. La inversión real y la valuación de los bienes duraderos - XI. Demanda de fondos para la inversión - XII. La inversión financiera y las transacciones en valores - XIII. Ofertas de fondos para inversión - XIV. Ahorros,ingresos de la propiedad,inversiones y ocupación aspa1 aMcIsaac, Archibald M.1 aOrnelas, Rodolfo